Overview of budgeting in ordnance factories (Record no. 489436)

000 -LEADER
fixed length control field 00526cam a22001577a 4500
008 - FIXED-LENGTH DATA ELEMENTS--GENERAL INFORMATION
fixed length control field 180718b2000 xxu||||| |||| 00| 0 eng d
082 ## - DEWEY DECIMAL CLASSIFICATION NUMBER
Classification number APPPA 99-2000 PUR/24
100 ## - MAIN ENTRY--PERSONAL NAME
Personal name Puri, D.M.
245 ## - TITLE STATEMENT
Title Overview of budgeting in ordnance factories
Statement of responsibility, etc. by D.M. Puri
260 ## - PUBLICATION, DISTRIBUTION, ETC.
Place of publication, distribution, etc. New Delhi
Name of publisher, distributor, etc. Indian Institute of Public Administration
Date of publication, distribution, etc. 2000
300 ## - PHYSICAL DESCRIPTION
Extent 92p.
500 ## - GENERAL NOTE
General note An APPPA M.Phil. dissertation, 99-2000 (Guide: A. Sarada)
650 ## - SUBJECT ADDED ENTRY--TOPICAL TERM
Topical term or geographic name entry element APPPA
650 ## - SUBJECT ADDED ENTRY--TOPICAL TERM
Topical term or geographic name entry element Appropriations and expenditures
650 ## - SUBJECT ADDED ENTRY--TOPICAL TERM
Topical term or geographic name entry element Ordnance - Manufacture
Holdings
Withdrawn status Lost status Damaged status Not for loan Permanent Location Current Location Date acquired Full call number Barcode Date last seen Price effective from Koha item type
        Indian Institute of Public Administration Indian Institute of Public Administration 2018-08-04 APPPA 99-2000 PUR/24 GR15133 2018-08-04 2018-08-04 GR

Powered by Koha